000
00305nam a22001457a 4500
020
_a
978-81-264-2894-6
082
_a
894.812.3
_b
NAN/U
100
_a
NANDHANAR
245
_a
UNNIKUTTANTE LOKAM
260
_a
KOTTAYAM
_b
DC BOOKS
_c
2010
300
_a
240
505
_a
NOVEL
520
_a
NOVEL
942
_c
BK
999
_c
4959
_d
4959